Naruto quiz (facile) - Statistiques

Statistiques générales
  • Ce quiz a été pris 2 015 fois
  • Le résultat moyen est 9 sur 10
Statistiques - réponses
Question Réponse % Correct
Qui a remplacé Sasuke dans l'équipe 7? Sai
100%
Qui était le père de Naruto? Minato
99%
Qui était le chef de l'akatsuki? Pain
98%
Qui était le disciple d'Orochimaru? Kabuto
96%
Qui a remplacé Kakashi dans l'équipe 7? Yamato
94%
Qui l'équipe 7 de Kakashi a affronté pour la première fois? Zabuza / Haku
94%
Qui était le maitre de Nagato et Konan? Jiraya
90%
Comment s'appelle l'invocation de Jiraya? Gamabunta
84%
Comment s'appelle le cochon de Shizune? Tonton
75%
De qui vient le saut maudit d'Orochimaru? Jugo
26%
Aucun quiz correspondant
Distribution des résultats
% des personnes avec chaque résultat
Percentile par nombre de réponses
Votre historique - résultats
Vous n’avez pas pris ce quiz